Marketing and Salesmanship / (Record no. 132099)
[ view plain ]
| 000 -LEADER | |
|---|---|
| fixed length control field | 00669nam a22002297a 4500 |
| 005 - DATE AND TIME OF LATEST TRANSACTION | |
| control field | 20170124110148.0 |
| 010 ## - LIBRARY OF CONGRESS CONTROL NUMBER | |
| LC control number | A-318357 |
| 020 ## - INTERNATIONAL STANDARD BOOK NUMBER | |
| Terms of availability | 135.00 |
| 035 ## - SYSTEM CONTROL NUMBER | |
| System control number | A-318357 |
| 037 ## - SOURCE OF ACQUISITION | |
| Source of stock number/acquisition | Cen Lib/Ret |
| 040 ## - CATALOGING SOURCE | |
| Original cataloging agency | DPL |
| Language of cataloging | EN |
| 082 ## - DEWEY DECIMAL CLASSIFICATION NUMBER | |
| Classification number | 658.8 |
| Item number | SHA |
| 100 ## - MAIN ENTRY--PERSONAL NAME | |
| Personal name | Sharad Kumar |
| 9 (RLIN) | 33698 |
| 245 ## - TITLE STATEMENT | |
| Title | Marketing and Salesmanship / |
| Statement of responsibility, etc | by Sharad Kumar [and] O.P.Sarathe |
| 260 ## - PUBLICATION, DISTRIBUTION, ETC. (IMPRINT) | |
| Place of publication, distribution, etc | Bhopal |
| Name of publisher, distributor, etc | NBS Publishers |
| Date of publication, distribution, etc | 1987 |
| 270 ## - ADDRESS | |
| Address | Ret Ghat, Sulemania Park |
| City | Bhopal |
| Postal code | 462 001 |
| 300 ## - PHYSICAL DESCRIPTION | |
| Extent | 219p. |
| Dimensions | 20cm(Hb) |
| 650 ## - SUBJECT ADDED ENTRY--TOPICAL TERM | |
| Topical term or geographic name as entry element | Marketing functions |
| 9 (RLIN) | 33699 |
| 650 ## - SUBJECT ADDED ENTRY--TOPICAL TERM | |
| Topical term or geographic name as entry element | Marketing research |
| 9 (RLIN) | 22231 |
| 700 ## - ADDED ENTRY--PERSONAL NAME | |
| Personal name | Sarathe, O.P. |
| 9 (RLIN) | 33700 |
| 942 ## - ADDED ENTRY ELEMENTS (KOHA) | |
| Source of classification or shelving scheme | Dewey Decimal Classification |
| Koha item type | English Books |
| Classification part | 658.8 |
| Call number suffix | SHA |
| Withdrawn status | Lost status | Damaged status | Not for loan | Home library | Current library | Date acquired | Source of acquisition | Cost, normal purchase price | Total Checkouts | Full call number | Barcode | Date last seen | Date checked out | Copy number | Cost, replacement price | Price effective from | Koha item type |
|---|---|---|---|---|---|---|---|---|---|---|---|---|---|---|---|---|---|
| Central Library | Central Library | 21/07/2015 | Cen Lib/Ret | 135.00 | 1 | 658.8 SHA | A-318357 | 07/08/2019 | 03/08/2019 | 1 | 135.00 | 21/07/2015 | English Books |
